000 00269nam a22001217a 4500
008 181030b xxu||||| |||| 00| 0 eng d
041 _aeng
080 _a338.5
100 _a57
101 _aQMI
245 _aPrice Grilles And Diffusers
_cGray.P
942 _2udc
_cBK
999 _c51172
_d51172